000 00508nam a2200133Ia 4500
008 171212s9999 xx 000 0 und d
020 _a9780833044570
100 _aRabasa, Angel;Larrabee, F. Stephen
245 _cRabasa, Angel;Larrabee, F. Stephen
_aThe Rise of Political Islam in Turkey
260 _bRAND Corporation
_c2008
650 _aIslam and politics -- Turkey; Islam and state -- Turkey; Islam -- Turkey -- History
650 _aPolitical Science
856 _uwww.jstor.org/stable/10.7249/mg726osd
999 _c352710
_d352710